| 000 | 04842cam a2200445 a 4500 | ||
|---|---|---|---|
| 001 | ocn209789425 | ||
| 003 | TZ-ArACH | ||
| 005 | 20151112170452.0 | ||
| 008 | 080630s2009 njua b 001 0 eng | ||
| 010 | _a 2008029090 | ||
| 020 | _a9780470288603 (hbk. : alk. paper) | ||
| 020 | _a0470288604 (hbk. : alk. paper) | ||
| 035 | _a(OCoLC)209789425 | ||
| 040 |
_aDLC _beng _cTZ-ArACH _dBTCTA _dBAKER _dC#P _dBWX _dCDX _dYDXCP _dTSU _dSNK _dOCLCQ _dDEBSZ _dMOL _dBDX _dOCLCF _dOCLCO _dOCLCQ |
||
| 041 | _aEng | ||
| 043 | _an-us--- | ||
| 049 | _aTZAA | ||
| 050 | 0 | 0 |
_aKF9673 _b.E94 |
| 082 | 0 | 0 |
_a345.73/02536 _222 |
| 245 | 0 | 4 |
_aEvaluation of child sexual abuse allegations : a comprehensive guide to assessment and testimony _ba comprehensive guide to assessment and testimony / _cedited by Kathryn Kuehnle, Mary Connell. |
| 260 |
_aHoboken, N.J. : _bWiley, _c2009. |
||
| 300 |
_axxv, 571 pages : _billustrations ; _c26 cm |
||
| 504 | _aIncludes bibliographical references and indexes. | ||
| 505 | 0 | _aIntroduction : Improved forensic interviewing : the legacy of the McMartin preschool case / John E.B. Myers -- Methods for the identification of sexually abused children : issues and needed features for abuse indicators / David Faust, Ana J. Bridges, and David C. Ahern -- Methods for the identification of sexually abused children : reframing the clinician's task and recognizing its disparity with research on indicators / Ana J. Bridges, David Faust, and David C. Ahern -- Methods for the identification of sexually abused children : suggestions for clinical work and research / David Faust, Ana J. Bridges, and David C. Ahern -- Professional roles : key to accuracy and effectiveness / Charles R. Clark -- Ethical issues in child sexual abuse evaluations / Gerald P. Koocher -- Child development : normative sexual and nonsexual behaviors that may be confused with symptoms of sexual abuse / Debra A. Poole and Michele A. Wolfe -- The continuum of children's sexual behavior : discriminative categories and the need for public policy change / Jessica Gurley, Kathryn Kuehnle, and H.D. Kirkpatrick -- Normative memory development and the child witness / J. Zoe Klemfuss and Stephen Ceci -- Children's resistance to suggestion / LaTonya S. Harris [and others]. | |
| 505 | 0 | _aRepressed and recovered memories during childhood and adolescence / Andrea F. Greenhoot and Monica Tsethlikai -- Forensic child sexual abuse evaluations : accuracy, ethics, and admissibility / Steve Herman -- Children's suggestibility : areas of consensus and controversy / Lindsay C. Malloy and Jodi A. Quas -- Forensic interviews with children : a two-way street : supporting interviewers in adhering to best practice recommendations and enhancing children's capabilities in forensic interviews / Deirdre Brown and Michael E. Lamb -- Repeated interviewing : a critical evaluation of the risks and potential benefits / David La Rooy, Michael E. Lamb, and Margaret-Ellen Pipe -- Dolls, drawing, body diagrams, and other props : role of props in investigative interviews / Margaret-Ellen Pipe and Karen Salmon -- Unsupported assessment techniques in child sexual abuse evaluations / Daniel Murrie, David A. Martindale, and Monica Epstein -- The child advocacy center model / Mary Connell -- The extended forensic evaluation / Mary Connell -- The return of the ultimate issue : talking to the court in child sexual abuse cases / Daniel W. Shuman and William G. Austin -- Jurors and professionals in the legal system : what do they know and what they should know about interviewing child witnesses / Julie A. Buck and Amye R. Warren. | |
| 520 | 1 | _a"The Evaluation of Child Sexual Abuse Allegations: A Comprehensive Guide to Assessment and Testimony is the most in-depth and practical guide available for forensic psychologists and other mental health professionals working on child sexual abuse cases. It reflects the current knowledge in this field through contributions written by nationally and internationally recognized experts in applied research and practice."--Jacket. | |
| 650 | 0 |
_aChild witnesses _zUnited States. _917755 |
|
| 650 | 0 |
_aChild sexual abuse _xInvestigation _zUnited States. _917756 |
|
| 650 | 0 |
_aChild sexual abuse _xInvestigation. _917757 |
|
| 650 | 0 |
_aInterviewing in child abuse. _917758 |
|
| 650 | 7 |
_aChild sexual abuse _xInvestigation. _2fast _917759 |
|
| 650 | 7 |
_aChild witnesses. _2fast _917760 |
|
| 650 | 7 |
_aInterviewing in child abuse. _2fast _917761 |
|
| 651 | 7 |
_aUnited States. _2fast _917762 |
|
| 700 | 1 |
_aKuehnle, Kathryn. _917763 |
|
| 700 | 1 |
_aConnell, Mary. _917764 |
|
| 856 | 4 | 1 |
_3Table of contents _uhttp://catdir.loc.gov/catdir/toc/ecip0823/2008029090.html _zConnect to Table of contents only |
| 942 |
_2lcc _cBOOK |
||
| 999 |
_c3210 _d3210 |
||